[Event "GER-ch U12"]
[Site "Willingen"]
[Date "2024.05.25"]
[Round "9"]
[White "Sheng, Ming"]
[Black "Zimmer, Tim"]
[Result "1-0"]
[WhiteElo "2031"]
[BlackElo "1772"]
[PlyCount "51"]
[EventDate "2024.05.19"]
[EventType "swiss"]
[EventRounds "9"]
[EventCountry "GER"]
[SourceTitle "CBM 220 Extra"]
[Source "ChessBase"]
[SourceDate "2024.07.31"]
[SourceVersion "1"]
[SourceVersionDate "2024.07.31"]
[SourceQuality "1"]

1. d4 d5 2. c4 e6 3. Nc3 Nf6 4. cxd5 exd5 5. Bg5 c6 6. e3 Bf5 7. Qf3 Bg6 8. Bxf6 gxf6 9. Nge2 Nd7 10. Ng3 Qb6 11. Qe2 h5 12. h4 Bd6 13. Rh3 0-0-0 14. Qd2 Qc7 15. Nxd5 cxd5 16. Rc1 Bc5 17. dxc5 Kb8 18. b4 Rhe8 19. Ne2 Ne5 20. Nd4 Ng4 21. Be2 Qe5 22. c6 Rc8 23. cxb7 Kxb7 24. Bb5 Rxc1+ 25. Qxc1 Re7 26. Ba6+ 1-0

[Event "GER-ch U12"]
[Site "Willingen"]
[Date "2024.05.22"]
[Round "5"]
[White "Zimmer, Tim"]
[Black "Moskalenko, Michael"]
[Result "1-0"]
[WhiteElo "1772"]
[BlackElo "1574"]
[PlyCount "65"]
[EventDate "2024.05.19"]
[EventType "swiss"]
[EventRounds "9"]
[EventCountry "GER"]
[SourceTitle "CBM 220 Extra"]
[Source "ChessBase"]
[SourceDate "2024.07.31"]
[SourceVersion "1"]
[SourceVersionDate "2024.07.31"]
[SourceQuality "1"]

1. e4 c5 2. Nf3 Nc6 3. d4 cxd4 4. Nxd4 e5 5. Nb5 d6 6. N1c3 a6 7. Na3 b5 8. Nd5 Nf6 9. Be3 Rb8 10. f3 Be7 11. Bd3 Be6 12. Nxf6+ Bxf6 13. 0-0 0-0 14. c3 Bh4 15. Nc2 f5 16. exf5 Bxf5 17. Bxf5 Rxf5 18. Qd5+ Kh8 19. Qxc6 Qf6 20. Rad1 Rd8 21. Bb6 Rf8 22. Qxd6 Qg5 23. Be3 Qh5 24. g4 Qe8 25. gxf5 Rxf5 26. Kh1 Rh5 27. Qd7 Qf8 28. Qg4 Qe8 29. Rd7 Bf6 30. Rg1 g6 31. Rgd1 Rh4 32. Qg3 e4 33. Bg5 1-0

[Event "GER-ch U12"]
[Site "Willingen"]
[Date "2024.05.20"]
[Round "3"]
[White "Zimmer, Tim"]
[Black "Sasikumar Anitha, Sarvesh"]
[Result "1/2-1/2"]
[WhiteElo "1772"]
[BlackElo "1703"]
[PlyCount "84"]
[EventDate "2024.05.19"]
[EventType "swiss"]
[EventRounds "9"]
[EventCountry "GER"]
[SourceTitle "CBM 220 Extra"]
[Source "ChessBase"]
[SourceDate "2024.07.31"]
[SourceVersion "1"]
[SourceVersionDate "2024.07.31"]
[SourceQuality "1"]

1. e4 e6 2. d4 d5 3. exd5 exd5 4. Bd3 Nf6 5. Nf3 Bd6 6. Qe2+ Be6 7. Ng5 Qe7 8. Nxe6 Qxe6 9. Qxe6+ fxe6 10. Nd2 Nbd7 11. Nf3 0-0 12. 0-0 e5 13. dxe5 Nxe5 14. Nxe5 Bxe5 15. c3 Rae8 16. g3 Bd6 17. Bg5 Ng4 18. Kg2 h6 19. Bd2 c5 20. h3 Ne5 21. Be2 d4 22. cxd4 cxd4 23. f4 Nc6 24. Bh5 Rc8 25. a3 Kh7 26. Rae1 Nd8 27. Re4 Nc6 28. Re6 Rcd8 29. f5 Be5 30. Bg6+ Kh8 31. f6 Bxf6 32. Bxh6 gxh6 33. Rexf6 Rxf6 34. Rxf6 Kg7 35. Re6 d3 36. Bh5 Rd5 37. Bd1 Ne5 38. b3 d2 39. Kf2 Nd3+ 40. Ke2 Nc1+ 41. Kf2 Nd3+ 42. Ke2 Nc1+ 1/2-1/2

[Event "GER-ch U12"]
[Site "Willingen"]
[Date "2024.05.19"]
[Round "1"]
[White "Zimmer, Tim"]
[Black "Grabowski, Joshua"]
[Result "1/2-1/2"]
[WhiteElo "1772"]
[BlackElo "1532"]
[PlyCount "65"]
[EventDate "2024.05.19"]
[EventType "swiss"]
[EventRounds "9"]
[EventCountry "GER"]
[SourceTitle "CBM 220 Extra"]
[Source "ChessBase"]
[SourceDate "2024.07.31"]
[SourceVersion "1"]
[SourceVersionDate "2024.07.31"]
[SourceQuality "1"]

1. e4 e6 2. d4 d5 3. exd5 exd5 4. Bd3 Bd6 5. Nf3 Ne7 6. 0-0 0-0 7. Nc3 Nbc6 8. Nb5 Bf5 9. Bg5 f6 10. Nxd6 Qxd6 11. Bh4 Qb4 12. Re1 Rfe8 13. Bg3 Nxd4 14. Nxd4 Qxd4 15. Rxe7 Rxe7 16. Bxf5 Qxd1+ 17. Rxd1 c6 18. Bd6 Re2 19. Kf1 Ree8 20. Re1 Kf7 21. Re3 g6 22. Bg4 f5 23. Bf3 Rxe3 24. fxe3 h5 25. Ke2 Ke6 26. Bc7 Rc8 27. Bf4 b5 28. Kd3 c5 29. h3 a6 30. g4 hxg4 31. hxg4 a5 32. c3 a4 33. a3 1/2-1/2

[Event "GER-ch U12"]
[Site "Willingen"]
[Date "2023.06.03"]
[Round "9"]
[White "Zimmer, Tim"]
[Black "Prashanthakumar, Arju"]
[Result "0-1"]
[WhiteElo "1258"]
[BlackElo "1291"]
[PlyCount "60"]
[EventDate "2023.05.27"]
[EventType "swiss"]
[EventRounds "9"]
[EventCountry "GER"]
[SourceTitle "CBM 214 Extra"]
[Source "ChessBase"]
[SourceDate "2023.07.31"]
[SourceVersion "1"]
[SourceVersionDate "2023.07.31"]
[SourceQuality "1"]

1. e4 e6 2. d4 d5 3. Nc3 Nf6 4. Bg5 Be7 5. e5 Nfd7 6. h4 h6 7. Bxe7 Qxe7 8. f4 a6 9. Nf3 c5 10. Qd2 Nc6 11. Be2 b5 12. g4 Bb7 13. 0-0-0 Rc8 14. g5 cxd4 15. Nxd4 Nb6 16. Qe3 Nxd4 17. Qxd4 Nc4 18. f5 hxg5 19. fxe6 fxe6 20. Rdg1 Rxh4 21. Rxh4 gxh4 22. Rg6 Kd7 23. Bg4 Rc6 24. Nxd5 Qf7 25. Nf4+ Kc7 26. Bxe6 Qf8 27. Bh3 Rxg6 28. Nxg6 Qd8 29. Qf4 Bf3 30. e6+ Kb6 0-1

[Event "GER-ch U10"]
[Site "Willingen"]
[Date "2022.06.05"]
[Round "1"]
[White "Classen, Marnin"]
[Black "Zimmer, Tim"]
[Result "0-1"]
[WhiteElo "1168"]
[BlackElo "1164"]
[PlyCount "86"]
[EventDate "2022.06.04"]
[EventType "swiss"]
[EventRounds "11"]
[EventCountry "GER"]
[SourceTitle "CBM 208 Extra"]
[Source "ChessBase"]
[SourceDate "2022.07.31"]
[SourceVersion "1"]
[SourceVersionDate "2022.07.31"]
[SourceQuality "1"]

1. e4 e5 2. Nf3 Nc6 3. Bb5 a6 4. Ba4 Bc5 5. 0-0 b5 6. Bb3 Nf6 7. Nxe5 Nxe5 8. d4 0-0 9. Re1 Bb7 10. Nc3 Bb4 11. dxe5 Bxc3 12. bxc3 Nxe4 13. Qf3 d5 14. exd6 Qxd6 15. Rxe4 Bxe4 16. Qe2 Rfe8 17. Be3 Rad8 18. h3 Qg6 19. f3 Bf5 20. Qf2 Bxh3 21. Bf4 Rd7 22. Bg3 Bf5 23. Re1 Red8 24. Qe2 h6 25. Bf4 c5 26. c4 Bh3 27. Kh2 Re7 28. Qf2 Rxe1 29. gxh3 Rdd1 30. Bg3 Rh1+ 31. Kg2 Rdg1+ 32. Qxg1 Rxg1+ 33. Kxg1 Qxg3+ 34. Kf1 b4 35. Ke2 Kf8 36. Kd3 Qxf3+ 37. Kd2 Ke7 38. Ba4 Kd6 39. Be8 Ke5 40. Bd7 Kd4 41. Bg4 Qe3+ 42. Kd1 Kc3 43. Be2 Qd2# 0-1

[Event "GER-ch U10"]
[Site "Willingen"]
[Date "2022.06.05"]
[Round "2"]
[White "Zimmer, Tim"]
[Black "Belin, Anton"]
[Result "1-0"]
[WhiteElo "1164"]
[BlackElo "1213"]
[PlyCount "145"]
[EventDate "2022.06.04"]
[EventType "swiss"]
[EventRounds "11"]
[EventCountry "GER"]
[SourceTitle "CBM 208 Extra"]
[Source "ChessBase"]
[SourceDate "2022.07.31"]
[SourceVersion "1"]
[SourceVersionDate "2022.07.31"]
[SourceQuality "1"]

1. e4 d5 2. exd5 Nf6 3. d4 Nxd5 4. c4 Nb6 5. Nc3 Bf5 6. Bf4 Nc6 7. Nf3 e6 8. a3 Be7 9. Be2 0-0 10. 0-0 Na5 11. c5 Nd5 12. Nxd5 exd5 13. b4 Nc6 14. b5 Nb8 15. Bd3 Bxd3 16. Qxd3 Nd7 17. Rfe1 c6 18. bxc6 bxc6 19. Qa6 Bxc5 20. dxc5 Nxc5 21. Qxc6 Nd3 22. Bc7 Qc8 23. Re7 Nf4 24. Qd7 Ne6 25. Qxc8 Rfxc8 26. Bd6 Rc6 27. Bg3 Rac8 28. h3 a6 29. Ne5 R6c7 30. Rxc7 Rxc7 31. Rd1 Rc5 32. Nd7 Ra5 33. Nb6 d4 34. Bd6 h6 35. Nc4 Ra4 36. Bb4 a5 37. Nxa5 Nf4 38. Nc4 Kh7 39. Na5 Kg6 40. Kf1 d3 41. g3 Nxh3 42. f4 Kf5 43. Rxd3 g5 44. Kg2 g4 45. Rd7 f6 46. Ra7 h5 47. Nc6 Rxa7 48. Nxa7 Ke6 49. Nc6 Kd7 50. Nd4 h4 51. a4 Kd8 52. a5 Kc8 53. a6 hxg3 54. Kxg3 Kb8 55. Bc5 Ka8 56. a7 Ng1 57. Ne6 Ne2+ 58. Kxg4 Nc3 59. Nc7+ Kb7 60. a8Q+ Kxc7 61. Qa6 Kd7 62. Qd6+ Kc8 63. Qc6+ Kb8 64. Bb6 f5+ 65. Kxf5 Nb5 66. Qxb5 Kb7 67. Ke6 Kb8 68. Qc5 Kb7 69. Ba5 Kb8 70. Qb6+ Ka8 71. Qb5 Ka7 72. Bc7 Ka8 73. Qb8# 1-0

[Event "GER-chT U12"]
[Site "Naumburg Saale"]
[Date "2022.03.28"]
[Round "6.2"]
[White "Wartenberg, Alissa"]
[Black "Zimmer, Tim"]
[Result "1-0"]
[WhiteElo "1672"]
[BlackElo "1170"]
[PlyCount "73"]
[EventDate "2022.03.25"]
[EventType "team-swiss"]
[EventRounds "6"]
[EventCountry "GER"]
[SourceTitle "EXT 2023"]
[Source "ChessBase"]
[SourceDate "2022.10.05"]
[SourceVersion "1"]
[SourceVersionDate "2022.10.05"]
[SourceQuality "1"]
[WhiteTeam "Hamburger SK"]
[BlackTeam "Werder Bremen"]
[WhiteTeamCountry "GER"]
[BlackTeamCountry "GER"]

1. e4 e5 2. Nf3 Nc6 3. Nc3 Nf6 4. d4 exd4 5. Nxd4 Bb4 6. Nxc6 bxc6 7. Bd3 d5 8. exd5 cxd5 9. 0-0 0-0 10. Bg5 c6 11. Qf3 Bd6 12. h3 Bd7 13. Rfe1 Rb8 14. Rab1 Rb7 15. Ne2 Re8 16. b3 Rb8 17. Ng3 Be5 18. Nh5 h6 19. Rxe5 Rxe5 20. Nxf6+ Kh8 21. Nxd7 Qxd7 22. Bf4 Rbe8 23. Bxe5 Rxe5 24. Qf4 Qe7 25. c4 g5 26. Qf3 d4 27. Qxc6 Kg7 28. Bf1 Rf5 29. b4 Qe5 30. Qa4 Qe4 31. Qb3 Qf4 32. Qg3 Qd2 33. a3 h5 34. h4 g4 35. Bd3 Rf6 36. Rf1 Qa2 37. Qe5 1-0

[Event "Bremen Silvester op"]
[Site "Bremen"]
[Date "2021.12.29"]
[Round "5"]
[White "Hentrop, Malte"]
[Black "Zimmer, Tim"]
[Result "1-0"]
[WhiteElo "1790"]
[BlackElo "1109"]
[PlyCount "59"]
[EventDate "2021.12.21"]
[EventType "swiss"]
[EventRounds "7"]
[EventCountry "GER"]
[SourceTitle "CBM 205 Extra"]
[Source "ChessBase"]
[SourceDate "2022.01.31"]
[SourceVersion "1"]
[SourceVersionDate "2022.01.31"]
[SourceQuality "1"]

1. d4 d5 2. c4 e6 3. Nc3 Nf6 4. Nf3 c5 5. cxd5 exd5 6. Bg5 Be6 7. e3 Be7 8. dxc5 0-0 9. Be2 Nc6 10. 0-0 h6 11. Bh4 Kh8 12. Nb5 a6 13. Nbd4 Bxc5 14. Nxc6 bxc6 15. Rc1 Qb6 16. Bxf6 gxf6 17. Qc2 Be7 18. Qxc6 Qxb2 19. Rc2 Qa3 20. Qc3 Rfc8 21. Qxa3 Bxa3 22. Rxc8+ Bxc8 23. Rb1 a5 24. Nd4 Ba6 25. Bxa6 Rxa6 26. Rb5 a4 27. Rxd5 Rb6 28. Rb5 Rxb5 29. Nxb5 Bb4 30. Kf1 1-0

[Event "GER-chT Lands U20"]
[Site "Berlin"]
[Date "2020.10.04"]
[Round "7.7"]
[White "Zimmer, Tim"]
[Black "Pohle, Saskia"]
[Result "0-1"]
[WhiteElo "1025"]
[BlackElo "1749"]
[PlyCount "88"]
[EventDate "2020.09.29"]
[EventType "team-swiss"]
[EventRounds "7"]
[EventCountry "GER"]
[SourceTitle "CBM 198 Extra"]
[Source "ChessBase"]
[SourceDate "2020.11.30"]
[SourceVersion "1"]
[SourceVersionDate "2020.11.30"]
[SourceQuality "1"]
[WhiteTeam "Bremen U20"]
[BlackTeam "Sachsen U20"]
[WhiteTeamCountry "GER"]
[BlackTeamCountry "GER"]

1. e4 e5 2. Nf3 Nc6 3. Bc4 Nf6 4. d3 Be7 5. 0-0 0-0 6. Re1 d6 7. a4 Be6 8. Nbd2 Qd7 9. Bxe6 Qxe6 10. Nc4 Rfe8 11. Bd2 Rad8 12. Bc3 Bf8 13. Qd2 a6 14. a5 g6 15. h3 Bg7 16. b3 Rd7 17. Re2 Nh5 18. d4 Qe7 19. d5 Na7 20. Qe3 Nf4 21. Ree1 Nb5 22. Bb2 Qf8 23. Qd2 Bh6 24. Ne3 f5 25. exf5 gxf5 26. c4 Na7 27. Qc2 Rg7 28. Kh1 Kh8 29. Qxf5 Qg8 30. Ng4 Rf8 31. Nxh6 Rxf5 32. Nxg8 Kxg8 33. Rad1 Nxg2 34. Rg1 Rxf3 35. Rxg2 Rxg2 36. Kxg2 Rxb3 37. Rd2 Rb4 38. Rc2 Ra4 39. Kf3 Rxa5 40. Ke4 c6 41. Bxe5 dxe5 42. Kxe5 cxd5 43. cxd5 Nc6+ 44. Kf6 Rxd5 0-1

[Event "GER-chT Lands U20"]
[Site "Berlin"]
[Date "2020.10.03"]
[Round "6.7"]
[White "Zimmer, Tim"]
[Black "Braeutigam, Katerina"]
[Result "0-1"]
[WhiteElo "1025"]
[BlackElo "1744"]
[PlyCount "106"]
[EventDate "2020.09.29"]
[EventType "team-swiss"]
[EventRounds "7"]
[EventCountry "GER"]
[SourceTitle "CBM 198 Extra"]
[Source "ChessBase"]
[SourceDate "2020.11.30"]
[SourceVersion "1"]
[SourceVersionDate "2020.11.30"]
[SourceQuality "1"]
[WhiteTeam "Bremen U20"]
[BlackTeam "Schleswig Holstein U20"]
[WhiteTeamCountry "GER"]
[BlackTeamCountry "GER"]

1. e4 c6 2. Nf3 d5 3. Nc3 g6 4. d4 dxe4 5. Nxe4 Bg7 6. c3 Nf6 7. Ng3 Bg4 8. h3 Bxf3 9. Qxf3 Nbd7 10. Bf4 Nb6 11. Be5 Nbd7 12. Bxf6 Nxf6 13. Bc4 0-0 14. 0-0 Qc7 15. Bb3 Rab8 16. Rad1 c5 17. dxc5 Qxc5 18. Ne4 Nxe4 19. Qxe4 Qc7 20. Rd3 Be5 21. Rfd1 Bd6 22. Qf3 a5 23. h4 h5 24. g4 hxg4 25. Qxg4 Kg7 26. Rh3 Qc8 27. Qd4+ f6 28. Rdd3 Qf5 29. Rdf3 Qe5 30. Qd3 Rbd8 31. Bc2 f5 32. h5 Qe1+ 33. Kg2 Bh2 34. h6+ Kh7 35. Qf1 Qxf1+ 36. Kxf1 Bc7 37. Re3 e5 38. Ke2 e4 39. f3 Bf4 40. fxe4 Bxe3 41. Kxe3 f4+ 42. Ke2 f3+ 43. Rxf3 Rxf3 44. Kxf3 Rd2 45. Bb3 Kxh6 46. e5 Kg7 47. Ke4 b6 48. e6 Kf6 49. Ke3 Rxb2 50. Ke4 Re2+ 51. Kd4 Rxe6 52. Bxe6 Kxe6 53. Ke4 Kd6 0-1

[Event "GER-chT Lands U20"]
[Site "Berlin"]
[Date "2020.10.01"]
[Round "3.7"]
[White "Zimmer, Tim"]
[Black "Aumueller, Naum"]
[Result "0-1"]
[WhiteElo "1025"]
[BlackElo "1690"]
[PlyCount "70"]
[EventDate "2020.09.29"]
[EventType "team-swiss"]
[EventRounds "7"]
[EventCountry "GER"]
[SourceTitle "CBM 198 Extra"]
[Source "ChessBase"]
[SourceDate "2020.11.30"]
[SourceVersion "1"]
[SourceVersionDate "2020.11.30"]
[SourceQuality "1"]
[WhiteTeam "Bremen U20"]
[BlackTeam "Bayern U20"]
[WhiteTeamCountry "GER"]
[BlackTeamCountry "GER"]

1. e4 e5 2. Nf3 Nc6 3. Bc4 Bc5 4. c3 Nf6 5. d4 exd4 6. cxd4 Bb4+ 7. Bd2 Bxd2+ 8. Nbxd2 d5 9. exd5 Nxd5 10. 0-0 0-0 11. a3 Nb6 12. Qc2 Nxd4 13. Nxd4 Qxd4 14. Bd3 h6 15. Nf3 Qf4 16. Rfe1 c6 17. Re7 Nd5 18. Re4 Qf6 19. Rae1 Bf5 20. Re5 Bxd3 21. Qxd3 Rad8 22. Rf5 Qg6 23. Nh4 Qg4 24. Qe4 Qxe4 25. Rxe4 Rfe8 26. Rfe5 Rxe5 27. Rxe5 g6 28. f3 Kg7 29. g3 Kf6 30. f4 Nb6 31. Nf3 Nc4 32. Re4 Nd2 33. Nxd2 Rxd2 34. Rb4 b5 35. a4 a5 0-1